Perpective. From Basic to Creative

Gespeichert in:
Bibliographische Detailangaben
1. Verfasser: Gill, Robert W. (Verfasst von)
Format: Buch
Sprache:Englisch
Veröffentlicht: London : Thames and Hudson, 2006
Schlagworte:
Tags: Tag hinzufügen
Keine Tags, Fügen Sie das erste Tag hinzu!

MARC

LEADER 00000nam a22000003a 4500
001 stu133843
005 20150617225918.7
008 061228s2006------------------------eng-d
020 |a 978-0-500-28607-4 
040 |a STU  |b slo 
041 0 |a eng 
100 1 |a Gill, Robert W.  |4 aut 
245 1 |a Perpective. From Basic to Creative 
260 |a London :  |b Thames and Hudson,  |c 2006 
300 |a 272 s 
650 7 |a perspektíva v kresbe  |2 stusub 
650 7 |a vedy prírodné  |2 stusub 
996 |b 284AU03396  |c A*5141 U  |l AAKNAR  |s A  |a 24  |w stu133843_0001